Statistics for Pikmin Games

Click here to take the quiz!

General Stats

  • This quiz has been taken 83 times
  • The average score is 6 of 6

Answer Stats

ConsoleGame% Correct
GameCubePikmin
100%
WiiUPikmin 3
100%
GameCubePikmin 2
99%
SwitchPikmin 4
97%
3DSHey! Pikmin
84%
MobilePikmin Bloom
82%

Score Distribution

Percentile by Number Answered

Percent of People with Each Score

Your Score History

You have not taken this quiz